| 000 | 00641nam a2200205 4500 | ||
|---|---|---|---|
| 001 | 140351 | ||
| 003 | ES-MaACL | ||
| 005 | 20230906200048.0 | ||
| 007 | t| | ||
| 008 | 070214s1975 fr r ||||1| fre d | ||
| 100 | 1 |
_aSchwartz, Daniel. _9104864 |
|
| 245 | 1 | 0 |
_aMéthodes statistiques a l'usage des médecins et des biologistes / _cDaniel Schwartz. |
| 250 | _a3ª. ed. | ||
| 260 |
_aParis : _bErnst Flammarion, _c1975. |
||
| 300 |
_a318 p. ; _c24 cm. |
||
| 490 | 1 | _aStatistique en Biologie et en médecine | |
| 830 | 0 |
_aStatistique en Biologie et en médecine _9220321 |
|
| 852 |
_aES-MaACL _jA-6460 _bR.95407 |
||
| 999 |
_c140351 _d140351 |
||